000 00685nai a2200193Ia 4500
003 IN-BaIIA
008 211028c9999 xx s 000 0 eng d
022 _a1092-3063 (Print)
022 _a1558-0849 (Online)
040 _cIIA Library
245 0 _aIEEE Concurrency
_h[eJournal]
260 _aNew York, USA
_bThe Institute of Electrical and Electronics Engineers, Inc. (IEEE)
310 _aQuarterly
362 _a5(1); 1997 - 8(4); 2000
521 _bSubscribed through National Knowledge Resource Consortium (NKRC)
650 _aComputing and Processing
_948785
856 _uhttps://ieeexplore.ieee.org/servlet/opac?punumber=4434
_yClick Here to Access eJournal
942 _cEJ
999 _c34488
_d34488